Sports Quiz

Random Sports Quiz
Score 0/11 Timer 10:00
0 Plays Today
Hint Answer % Correct
England CaptainWayne Rooney
84.6%
Spanish GoalkeeperDavid de Gea
61.5%
Old German MidfielderBastian Schweinsteiger
53.8%
French StrikerAnthony Martial
30.8%
English DefenderChris Smalling
23.1%
New Newcastle Midfielder
23.1%
German Winger
15.4%
German Goalkeeper (Not Neuer)
15.4%
Spanish Playmaker
15.4%
French Attacking Winger
15.4%
French Striker
15.4%
Come Together.
Have Fun.
All Virtual.
We all need to come together. Play Sporcle's virtual live trivia to have fun, connect with people, and get your trivia on. Join a live hosted trivia game for your favorite pub trivia experience done virtually. If a virtual private party is more your thing, go here for details.

You're not logged in!

Compare scores with friends on all Sporcle quizzes.
OR
Log In

Sporcle TV

Today on Sporcle TV


Watch our educational content, quiz creation guides, and fun videos on Sporcle TV.

Show Comments

Extras

Created Jan 14, 2016ReportNominate
Tags:Player, Rated

Top Quizzes Today


Score Distribution

Paid Content

Your Account Isn't Verified!

In order to create a playlist on Sporcle, you need to verify the email address you used during registration. Go to your Sporcle Settings to finish the process.

Report this User

Report this user for behavior that violates our Community Guidelines.

Details: